ARRUPE JESUIT UNIVERSITY

CORONAVIRUS -STOP THE SPREAD - CLEAN,DISINFECT,COVER

Sidama and Ethiopian : (Record no. 130649)

MARC details
000 -LEADER
fixed length control field 01641cam a2200409 a 4500
001 - CONTROL NUMBER
control field 14067364
003 - CONTROL NUMBER IDENTIFIER
control field ARRUPE
005 - DATE AND TIME OF LATEST TRANSACTION
control field 20211004094111.0
008 - FIXED-LENGTH DATA ELEMENTS--GENERAL INFORMATION
fixed length control field 050808s1998 sw ab bm f001 0 eng d
010 ## - LIBRARY OF CONGRESS CONTROL NUMBER
LC control number 2004482016
020 ## - INTERNATIONAL STANDARD BOOK NUMBER
International Standard Book Number 9185424498 (Uppsala)
020 ## - INTERNATIONAL STANDARD BOOK NUMBER
International Standard Book Number 8291911002 (Oslo)
035 ## - SYSTEM CONTROL NUMBER
System control number (OCoLC)ocm38745913
040 ## - CATALOGING SOURCE
Original cataloging agency FUG
Transcribing agency FUG
Modifying agency DLC
042 ## - AUTHENTICATION CODE
Authentication code lccopycat
043 ## - GEOGRAPHIC AREA CODE
Geographic area code f-et---
050 00 - LIBRARY OF CONGRESS CALL NUMBER
Classification number BX8063.E85
Item number T65 1998
300 ## - PHYSICAL DESCRIPTION
Other physical details ill., maps ;
Dimensions 24 cm.
100 1# - MAIN ENTRY--PERSONAL NAME
Personal name Tolo, Arne.
9 (RLIN) 50205
245 10 - TITLE STATEMENT
Title Sidama and Ethiopian :
Remainder of title the emergence [of] the Mekane Yesus Church in Sidama /
Statement of responsibility, etc Arne Tolo.
246 30 - VARYING FORM OF TITLE
Title proper/short title Emergence of the Mekane Yesus Church in Sidama
246 04 - VARYING FORM OF TITLE
Title proper/short title Sidama and Etiopian [sic]
260 ## - PUBLICATION, DISTRIBUTION, ETC. (IMPRINT)
Place of publication, distribution, etc Uppsala :
Name of publisher, distributor, etc Uppsala universitet ;
Place of publication, distribution, etc Oslo :
Name of publisher, distributor, etc Studiebiblioteket for Bibel og misjon,
Date of publication, distribution, etc 1998.
300 ## - PHYSICAL DESCRIPTION
Extent xviii, 312 p. :
440 #0 - SERIES STATEMENT/ADDED ENTRY--TITLE
Title Studia missionalia Upsaliensia,
International Standard Serial Number 0585-5373 ;
Volume number/sequential designation 69
9 (RLIN) 50206
500 ## - GENERAL NOTE
General note Errata slip inserted.
502 ## - DISSERTATION NOTE
Dissertation note Thesis (doctoral)--Uppsala universitet, 1997.
504 ## - BIBLIOGRAPHY, ETC. NOTE
Bibliography, etc Includes bibliographical references (p. 283-300) and indexes.
610 20 - SUBJECT ADDED ENTRY--CORPORATE NAME
Corporate name or jurisdiction name as entry element Evangelical Church Mekane Yesus.
9 (RLIN) 50207
650 #0 - SUBJECT ADDED ENTRY--TOPICAL TERM
Topical term or geographic name as entry element Sidamo (African people)
General subdivision Missions.
9 (RLIN) 50208
650 #0 - SUBJECT ADDED ENTRY--TOPICAL TERM
Topical term or geographic name as entry element Sidamo (African people)
General subdivision Religion.
9 (RLIN) 50209
650 #0 - SUBJECT ADDED ENTRY--TOPICAL TERM
Topical term or geographic name as entry element Church and state
Geographic subdivision Ethiopia
General subdivision History
Chronological subdivision 20th century.
9 (RLIN) 50210
651 #0 - SUBJECT ADDED ENTRY--GEOGRAPHIC NAME
Geographic name Ethiopia
General subdivision Church history
Chronological subdivision 20th century.
9 (RLIN) 50211
710 2# - ADDED ENTRY--CORPORATE NAME
Corporate name or jurisdiction name as entry element Thomas Leiper Kane Collection (Library of Congress. Hebraic Section)
Institution to which field applies DLC
9 (RLIN) 24290
906 ## - LOCAL DATA ELEMENT F, LDF (RLIN)
a 7
b cbc
c copycat
d 3
e ncip
f 20
g y-gencatlg
942 ## - ADDED ENTRY ELEMENTS (KOHA)
Source of classification or shelving scheme Library of Congress Classification
Koha item type Monograph ( Printed materials)
Holdings
Withdrawn status Lost status Source of classification or shelving scheme Damaged status Not for loan Collection code Home library Current library Shelving location Date acquired Total Checkouts Full call number Barcode Date last seen Price effective from Koha item type
    Library of Congress Classification     Main Collection ARRUPE LIBRARY ARRUPE LIBRARY Main Collection 04/10/2021   BX8063.E85 T65 1998 46600007914 04/10/2021 04/10/2021 Monograph ( Printed materials)

 

Arrupe Library. PO Box MP320 Mt Pleasant, Harare, Zimbabwe
263 242 745411|librarian@aju.ac.zw